World class 2 (Record no. 18358)
[ view plain ]
| 000 -LEADER | |
|---|---|
| fixed length control field | 00783cim a22002177a 4500 |
| 005 - DATE AND TIME OF LATEST TRANSACTION | |
| control field | 20140923122751.0 |
| 007 - PHYSICAL DESCRIPTION FIXED FIELD--GENERAL INFORMATION | |
| fixed length control field | sd uuuuuudmuud |
| 008 - FIXED-LENGTH DATA ELEMENTS--GENERAL INFORMATION | |
| fixed length control field | 140714t2013 xx nnnnfs s| c eng d |
| 024 ## - OTHER STANDARD IDENTIFIER | |
| Standard number or code | 9781133565772 |
| 040 ## - CATALOGING SOURCE | |
| Original cataloging agency | EG-ScBUE |
| 082 04 - DEWEY DECIMAL CLASSIFICATION NUMBER | |
| Edition number | 22 |
| Classification number | 428.24 |
| Item number | DOU |
| 100 1# - MAIN ENTRY--PERSONAL NAME | |
| Personal name | Douglas, Nancy |
| 9 (RLIN) | 35961 |
| 245 10 - TITLE STATEMENT | |
| Title | World class 2 |
| Medium | [sound recording] : |
| Remainder of title | classroom audio CD / |
| Statement of responsibility, etc | Nancy Douglas, James R. Morgan. |
| 260 ## - PUBLICATION, DISTRIBUTION, ETC. (IMPRINT) | |
| Place of publication, distribution, etc | [S. l.] : |
| Name of publisher, distributor, etc | National Geographic Learning : |
| -- | Cengage Learning, |
| Date of publication, distribution, etc | c.2013. |
| 300 ## - PHYSICAL DESCRIPTION | |
| Extent | 1 sound disc ; |
| Dimensions | 4 3/4 in. |
| 650 #0 - SUBJECT ADDED ENTRY--TOPICAL TERM | |
| Topical term or geographic name as entry element | English language |
| Form subdivision | Textbooks for foreign speakers |
| -- | Audio-visual aids |
| 9 (RLIN) | 36053 |
| 653 #0 - INDEX TERM--UNCONTROLLED | |
| Resource For college | |
| Arrived date list | July2014 |
| 700 1# - ADDED ENTRY--PERSONAL NAME | |
| Personal name | Morgan, James R. |
| 9 (RLIN) | 36022 |
| 710 2# - ADDED ENTRY--CORPORATE NAME | |
| 9 (RLIN) | 35969 |
| Corporate name or jurisdiction name as entry element | National Geographic Learning (Firm) |
| 942 ## - ADDED ENTRY ELEMENTS (KOHA) | |
| Source of classification or shelving scheme | Dewey Decimal Classification |
| Item type | |
| Call number prefix | 428.24 DOU |
| Withdrawn status | Lost status | Source of classification or shelving scheme | Damaged status | Not for loan | Koha collection | Location (home branch) | Sublocation or collection (holding branch) | Shelving location | Date acquired | Source of acquisition | Cost, normal purchase price | Invoice Number | Koha issues (times borrowed) | Koha full call number | Piece designation (barcode) | Koha date last seen | Cost, replacement price | Price effective from | Koha item type | Public note |
|---|---|---|---|---|---|---|---|---|---|---|---|---|---|---|---|---|---|---|---|---|
| Dewey Decimal Classification | ILB | Central Library | Central Library | Second Floor | 14/07/2014 | 270.00 | 4031 | 428.24 DOU | 000029720 | 24/08/2022 | 337.50 | 14/07/2014 | CD | DVD - (NB) | 1 audio CD |